| 000 | 00902nam a22001337a 4500 | ||
|---|---|---|---|
| 040 | _cRUA | ||
| 082 | _aAED SAM 2014 B554 Or.1 | ||
| 100 | _aSAM SOVITHEAVY; សម សុវិទ្ធាវី | ||
| 245 | _aThe effectiveness of using rural credit of amk microfinance on livelihood pf people in preah sdach district, prey veng province; ប្រសិទ្ធភាពនៃការប្រើប្រាស់ឥណទានជនបទរបស់គ្រឹះស្ថានមីក្រូហិរញ្ញវត្ថុ អេ អឹម ខេ ទៅលើកម្រិតជីវភាពប្រជាជននៅស្រុកព្រះស្តេច ខេត្តព្រៃវែង | ||
| 260 |
_aPhnom Penh _bRUA _c2014 |
||
| 300 |
_aix; 44p; _bill; _c29cm; |
||
| 856 | _uhttps://drive.google.com/file/d/10SXTOq7gWwm-ZoFVj9DXgpFAgrsZLRt5/view?usp=sharing | ||
| 942 | _cAED | ||
| 999 |
_c11713 _d11713 |
||